000 00700nam a2200229Ia 4500
003 OSt
005 20220923214311.0
006 a|||||r|||| 00| 0
007 ta
008 220922b |||||||| |||| 00| 0 hin d
024 _a168,565
037 _cTextual
040 _aARTS
_cARTS
_bhin
041 _2hin
_ahin
082 _aO152:1I83:12, H9-;4 (TTPH)
100 _aसूरदास
245 0 _aभ्रमगीतसार, रामचन्द्रशुक्ल संपा
246 _aBhramagītasāra, rāmachandrashukla sanpā0
260 _c1949
942 _hO152:1I83:12, H9-;4 (TTPH)
_cTEXL
_2CC
999 _c323032
_d323032